SPN S1 - Statistics

General Stats
  • This quiz has been taken 71 times
  • The average score is 11 of 22
Answer Stats
EPISODE TITLE % Correct
1.02 Wendigo
100%
1.10 Asylum
50%
1.05 Bloody Mary
50%
1.08 Bugs
50%
1.03 Dead in the Water
50%
1.20 Dead Man's Blood
50%
1.22 Devil's Trap
50%
1.12 Faith
50%
1.09 Home
50%
1.07 Hook Man
50%
1.14 Nightmare
50%
1.04 Phantom Traveler
50%
1.01 Pilot
50%
1.19 Provenance
50%
1.13 Route 666
50%
1.21 Salvation
50%
1.11 Scarecrow
50%
1.16 Shadow
50%
1.06 Skin
50%
1.15 The Benders
50%
1.17 Hell House
0%
1.18 Something Wicked
0%
No matching quizzes found
Score Distribution
Percent of People with Each Score
Percentile by Number Answered
Your Score History
You have not taken this quiz